01159nac a22002651u 4500010001600000020002800016082001800044090001500062100003400077245010300111260005200214300004000266500017700306500002700483504006600510511002800576650001800604650002700622650001600649650003500665650005200700942002000752999001500772952010600787 a 97031664 a3540633286 (alk. paper)00a363.7384bSCH c5994d5994 aScheumann, Waltina, 10aManaging salinization :binstitutional analysis of public irrigation systems /cWaltina Scheumann. aBerlin ;aNew York :bSpringer,c.1997.cc.1997. axvi, 274 p. :bill., maps ;c24 cm. aOriginally presented as the author's thesis (doctoral--Technical University of Berlin) under the title: Institutional analysis of salinization in public irrigation systems. aDistributer: Al-Ahram. aIncludes bibliographical references (p. [255]-270) and index. aCatalogued By: Mahitab. 0aSalinization. 0aSalinizationxControl. 0aIrrigation. 0aIrrigationxGovernment policy. 0aWater resources developmentxGovernment policy. cBBk363.7384SCH c5994d5994 00104070aMAINbMAINc1STd2011-11-07ePurchasel0o363.7384SCHp000006951r2025-07-15 00:00:00yBB